00720nam a2200217Ia 4500003000900000008004100009020002200050040001600072080001700088100002200105245008700127250001200214260002700226300001400253650002700267650002800294700002600322942000700348999001700355952013000372IN-BaIIA211028s9999 xx 000 0 eng d a978-81-265-2031-2 cIIA Library a621.751bHIL aHill, F. J935578 0aIntroduction to switching theory and logical designcF. J. Hill and G. R. Peterson a3rd ed. aNew DelhibWileyc1981 axv, 617p. aLogical systems935579 aSwitching theory930727 aPeterson, G. R935580 cBK c18526d18526 00104070aBANbBANcGENd2013-02-12eANJ g545.00l0o621.751/ HILp19448r2021-11-05v545.00w2013-02-12yBKGRs. 545.00